| 000 | 01030cam a2200289 a 4500 | ||
|---|---|---|---|
| 001 | 000004222 | ||
| 005 | 20240515122609.0 | ||
| 008 | 031107s2004 sp b 001 e spa c | ||
| 020 | _a8449315905 | ||
| 040 |
_aDO-SdBNP _bspa _cDLC _dBNPHU |
||
| 041 | 1 | 7 |
_aspa _heng _2Código de idioma MARC |
| 082 |
_a864.64 _bW242r |
||
| 100 | 1 |
_aWalzer, Michael, _d1935- _912468 |
|
| 245 | 1 | 0 |
_aReflexiones sobre la guerra / _cMichael Walzer ; traducción, Carmen Castells y Claudia Casanova. |
| 260 |
_aBarcelona, España : _bPaidós Ibérica, _c2004. |
||
| 300 |
_a203 p. ; _c24 cm. |
||
| 440 | 0 |
_aPaidós Estado y Sociedad ; _vno. 121. _912469 |
|
| 534 | _aTítulo original: Arguing about war. | ||
| 650 | 4 |
_aEnsayo español _93923 |
|
| 650 | 4 |
_aLiteratura española _9632 |
|
| 650 | 4 |
_aGuerra _xFilosofía _912470 |
|
| 650 | 4 |
_aDoctrina de la guerra justa _912471 |
|
| 650 | 0 |
_aPolítica económica _984931 |
|
| 700 | 1 |
_aCasanova, Claudia, _etr. _912472 |
|
| 700 | 1 |
_aCastells, Carmen, _etr. _912473 |
|
| 910 | _aCatalogación por copia / LC | ||
| 999 |
_c4036 _d4036 |
||